The "Treskilling" Yellow, The Unique Error of Colour (Record no. 1795)

000 -LEADER
fixed length control field 00332nam a22000977a 4500
008 - FIXED-LENGTH DATA ELEMENTS--GENERAL INFORMATION
fixed length control field 160222b xxu||||| |||| 00| 0 eng d
100 ## - MAIN ENTRY--AUTHOR'S NAME
Author's Name Feldman, David
245 ## - TITLE STATEMENT
Title The "Treskilling" Yellow, The Unique Error of Colour
Remainder of title Auction Catalog Nov. 8, 1996
260 ## - PUBLICATION, DISTRIBUTION, ETC. (IMPRINT)
Name of publisher, distributor, etc. David Fedman
Date of publication, distribution, etc. 1996
650 ## - TOPICAL TERM (Tag)
Topical term or geographic name Sweden, | Treskilling, | Errors and Varities
Holdings
Withdrawn status Lost status Source of classification or shelving scheme Damaged status Koha normalized classification for sorting Not for loan Permanent Location Current Location Date acquired Total Checkouts Full call number Barcode Date last seen Price effective from
        G6951 E723 F312   Northern Philatelic Library Northern Philatelic Library 02/22/2016   G6951 .E723 F312 1002121 02/22/2016 02/22/2016

Powered by Koha